000 00550nam a2200157 a 4500
001 000029495
005 20200930055606.0
008 110418s1999 sp 000 0 spa d
040 _aDO-SdBNP
_bspa
_cBNPHU
100 1 _aGarcía, Marciano
_943340
245 1 0 _aPsicología de la experiencia religiosa /
_cMarciano García.
260 _aBurgos :
_bMonte Carmelo;
_aSanto Domingo :
_bEditorial de Espiritualidad del Caribe,
_c1999.
300 _a142 p. ;
_c21 cm.
504 _aIncluye referencias bibliográficas al pie de las páginas.
049 _aBNPD
999 _c28987
_d28987